000 00670ngm a22002290a 4500
001 PT38202
003 AR-LpoUNG
005 20210202000515.0
007 vd cvaizq
008 191001ss.f.||||ag |||||||||||||||||spa d
040 _aAR-LpoUNG
_bspa
_cAR-LpoUNG
_eaacr
041 _aspa
044 _aag
245 1 0 _a[Leyes, etc.]
260 _aBuenos Aires :
_bSOFOVIAL,
_cs.f..
300 _aVHS (95 min.) : son., col.
520 _aExposición del Rector de la Universidad Nacional de General Sarmiento. Profesor José Luis Coraggio
650 4 _aSOFOVIAL
710 2 _aSociedad de Fomento del Video Alternativo (Buenos Aires)
905 _a38202
942 _cDVD
999 _c54983
_d54983